| 000 | 01092nam a22002777a 4500 | ||
|---|---|---|---|
| 999 |
_c6560 _d6560 |
||
| 003 | AR-CdUCM | ||
| 008 | 190318b ||||| |||| 00| 0 spa d | ||
| 040 |
_aMUNICIPALIDAD PROVINCIAL DEL CUSCO _cBIBLIOTECA MUNICIPAL DEL CUSCO |
||
| 082 |
_a985.2 / _bF44 |
||
| 110 |
_aConcejo provincial de Lima _99155 |
||
| 245 |
_aFestival de Lima : _bEdicion de Antologia / |
||
| 260 |
_aLima : _bMercagraph, _c1959. |
||
| 300 |
_aX tomos ; _bIlustraciones, graficos, dibujos, _c17cm. |
||
| 500 | _aFestival de lima 1959 Tomo I ejemplar 2 dañado por humedad para taller. Tomo 10 ejemplar 2 tapas del libro maltratados para taller | ||
| 505 | _aContenido: t.1 Ensayo -- t.2 Cuento -- t.3 poesia -- t.4 La Limeña -- t.5 satira y humor -- t.6 Cronica -- t.7 Historia -- t.8 Folklore -- t.9 Viajeros -- t.10 Arte y Biografia | ||
| 650 |
_aEnsayos _9375 |
||
| 650 |
_aCuento _94671 |
||
| 650 |
_aPoesia _91598 |
||
| 650 |
_aCronica _9637 |
||
| 650 |
_aHistoria _9136 |
||
| 650 |
_aFolklore _91081 |
||
| 650 |
_aViejeros _918511 |
||
| 650 |
_aLiteratura _983 |
||
| 942 |
_2ddc _cLIBROS |
||
| 945 | _apjha | ||